000 00845cam a22002531 4500
001 sa 66004671
003 DLC
005 20260227112244.0
008 910419s1965 ii 000 0 eng
010 _asa 66004671
035 _a(OCoLC)24197187
040 _aDLC
_cViU
_dDLC
042 _apremarc
050 0 0 _aKNU8100.5
_b.A33 1965
110 1 _aUttar Pradesh (India)
240 1 0 _aLaws, etc.
245 1 0 _aU. P. gaon samaj manual /
_cas amended & rev. by third-govt. ed., with short notes and case law by Sant Prakash ; rev. by Virendra Singh.
260 _aAllahabad :
_bRam Narain Lal Beni Prasad,
_c[1965]
300 _avi, 100 p. ;
_c25 cm.
650 0 _aLand tenure
_xLaw and legislation
_zIndia
_zUttar Pradesh.
650 0 _aLandlord and tenant
_zIndia
_zUttar Pradesh.
700 1 _aPrakash, Sant.
700 1 _aSingh, Virendra.
999 _c69535
_d69535